zpět

Detail výsledku týmu

U sv. Filipa a Jakuba, Praha

Datum a čas kvízu

32.5 Celkem bodů Celkový počet nahraných bodů na tomto kvízu bez doplňovacích otázek.
6. Pořadí na kvízu Konečné umístění týmu na tomto kvízu.

Zaznamenané odpovědi

# Otázka Odpověď Body Výsledky
1. Ti, kteří se pořádně zaměřili... Bureši, čaú 1
2. Tlaková níže a s ní spojené si... Axel 0
3. Zlínský filmový festival minul... kybernetický útok 0
4. Škoda Auto minulý týden předst... Citigo 0
5. V pondělí nás opustil Niki Lau... Ferrari, McLaren 1
6. Jakou barvu má pruh, který je... bílou 1
7. Jaká barva kromě zelené a bílé... žádná 0
8. Na bolívijské vlajce je modrý... D 1
9. Jakou barvu má prostřední pruh... zelenou 1
10. Který z pruhů na vlajce Maďars... A 0